00325nam a22001332 4500001001100000005001700011008004100028040001500069050001800084100003000102245002200132260002700154300001000181000000547820151217160104.0070614s xx 000 0 eng d aKABUcKABU 0aPE1119b.W3N61 aWacira, D. K.@000015676710aNo place to hide. aNairobi :bOUP,c2002. a30 p.